LEADER 01619nam a2200337 u 4500 001 000000115744 003 CaOOAMICUS 005 20090519172010.0 008 090519s2009 it u000 u ita r 040 $aPUL$bita$dLDB 041 1 $aita$agrc$hgrc 100 0 $aAristophanes,$dc. 445-c. 385 a.C.$0(OLS)http://pul/name/1745 245 10$aCommedie /$cAristofane ; introduzione di Guido Paduano ; traduzioni e note di Alessandro Grilli, Rosanna Lauriola, Guido Paduano. 260 $aMilano :$bR.C.S. Libri ;$aMilano :$bBUR,$cc2009. 300 $a1281 p. ;$c18 cm. 490 1 $aGrandi classici greci e latini ;$v19 500 $aTesto greco a fronte. 504 $aInclude riferimenti bibliografici. 700 1 $aLauriola, Rosanna.$0(OLS)http://pul/name/71773 700 1 $aGrilli, Alessandro.$0(OLS)http://pul/name/71772 700 1 $aPaduano, Guido,$d1944-$0(OLS)http://pul/name/12153 700 0 $aAristophanes,$dc. 445-c. 385 a.C.$tComoediae.$0(OLS)http://pul/nameTitle/264$0(OLS)http://pul/name/1745$0(OLS)http://pul/title/131843 830 0$aGrandi classici greci e latini ;$v19.$0(OLS)http://pul/title/143635 850 $aPUL 852 $aPUL$W1$xSL Cons. Gen., Altre Classi 3$y75$m880 COLL 2.19$j132591$qDDC 21$B131587$CPULBib$Z2$F131587 $H110410 $82 900 $aAristofane,$dc. 445-c. 385 a.C.$91745 900 $aAristofane,$dc. 445-c. 385 a.C.$91745 941 1 $a9 996 $6245$aCommedie$9(OLS)http://pul/title/111651 996 $6260$aMilano :$bR.C.S. Libri$9(OLS)http://pul/publisher/74600 996 $6260$aMilano :$bBUR$9(OLS)http://pul/publisher/70068 LEADER 01145nam a2200289 u 4500 001 000000048591 003 CaOOAMICUS 005 20070226115021.0 008 000516s1999 it u000 u ita u 020 $a8810409469 035 $a10847822 040 $aPUL$bita 100 1 $aLippi, Adolfo.$0(OLS)http://pul/name/35265 245 10$aAbbà padre :$bteologia della croce, teologia del Padre /$cAdolfo Lippi. 260 $aBologna :$bEdizioni Dehoniane,$cc1999. 300 $a168 p. ;$c22 cm 490 1 $aTeologia viva ;$v36 504 $aBibliografia in nota. 650 4$aDio.$0(OLS)http://pul/subject/3878 830 0$aTeologia viva (Edizioni Dehoniane) ;$v36.$0(OLS)http://pul/title/61019 850 $aPUL 852 $aPUL$W1$xSL Religione 1$y3$m10 I 68$j64712$nBK-PRI$b $qStampati$B64712$CPULBib$Z2$F64712 $H $81 941 1 $a8 961 $aINV: 81771 996 $6020$a8810409469$9(OLS)http://pul/number/61159 996 $6245$aAbbà padre :$bteologia della croce, teologia del Padre$9(OLS)http://pul/title/65460 996 $6260$aBologna :$bEdizioni Dehoniane$9(OLS)http://pul/publisher/48070